Sports Quiz

Random Sports Quiz

Player who played for Yankees and Redsox Quiz Stats

 Plays Quiz not verified by Sporcle

Score 0/29 Timer 05:00
0 Plays Today
hint % Correct
Pitched for Red Sox and hit for YankeesBabe Ruth
79.8%
Played Center Field for both teams Johnny Damon
74.3%
Pitched for both teamsRoger Clemens
56.9%
Played Third Baseman for both teamsWade Boggs
52.3%
Played Catcher for both teamsMike Stanley
24.1%
Pitched for both teamsDavid Wells
21.8%
Pitched for both teamsRamiro Mendoza
17.2%
Pitched for both teamsDavid Cone
17.2%
Played Left Field for both teamsDon Baylor
14.9%
Played First Baseman for both teamsTony Clark
13.8%
Played First Baseman for both teamsDoug Mientkiewicz
11.9%
Played Left Field for both teamsRicky Henderson
11.9%
Played Catcher for both teamsElston Howard
11.5%
Played First Baseman for both teamsJohn Olerud
11.5%
Pitched for both teamsSparky Lyle
11.5%
hint % Correct
Played Catcher for both teamsRick Cerone
10.3%
Played Second Baseman for both teamsMark Bellhorn
10.1%
Played Third Baseman for both teamsMike Lowell
9.2%
Pitched for both teamsMike Myers
9.2%
Pitched for both teamsMike Torrez
8%
Played Catcher for both teamsKevin Cash
6.4%
Pitched for both teamsAlfedo Aceves
5.7%
Played infielder for both teamsNick Green
4.6%
Pitched for both teamsTom Gordon
3.4%
Played Shortstop for both teamsTony Womack
2.8%
Pitched for both teamsRed Ruffing
2.3%
Played DH for both teamsJim Leyritz
1.8%
Played Third Baseman for both teamsAaron Boone
1.1%
Played Right Field for both teamsEric Hinske
0%

You're not logged in!

Compare scores with friends on all Sporcle quizzes.
OR
Log In

Sporcle TV

Today on Sporcle TV


Watch our educational content, quiz creation guides, and fun videos on Sporcle TV.

Show Comments

Extras

Created Feb 13, 2012ReportNominate
Tags:red

Top Quizzes Today


Score Distribution

Your Account Isn't Verified!

In order to create a playlist on Sporcle, you need to verify the email address you used during registration. Go to your Sporcle Settings to finish the process.

Report this User

Report this user for behavior that violates our Community Guidelines.

Details: